Statistics for P Vocabulary Words Quiz #1

Click here to take the quiz!

General Stats

  • This quiz has been taken 63,628 times
    (63,611 since last reset)
  • The average score is 13 of 24

Answer Stats

DefinitionWord% Correct
Antonym of singularPlural
87%
One who hunts preyPredator
87%
Ancient Egyptian scroll materialPapyrus
85%
Five-sided polygonPentagon
81%
One who has multiple spousesPolygamist
76%
To present others work as one's ownPlagiarize
75%
Relating to the popePapal
72%
To sweatPerspire
72%
Highly gifted childProdigy
69%
The crime of lying under oathPerjury
68%
Medicine that contains no active ingredientsPlacebo
63%
Person opposed to war or violence of any kindPacifist
59%
Pile on which the dead are burnedPyre
58%
A single particle of lightPhoton
52%
Relating to a palacePalatial
46%
To turn into stonePetrify
46%
To loot and plunder, especially as an act of warPillage
45%
Devout; godlyPious
42%
Cure-allPanacea
31%
Ingredient that thickens jellyPectin
26%
An apprentice squire (in medieval times)Page
24%
Rule by the wealthyPlutocracy
24%
One with official license to pirate enemy shipsPrivateer
23%
To communicate via gesture, not speechPantomime
16%

Score Distribution

Percentile by Number Answered

Percent of People with Each Score

Your Score History

You have not taken this quiz since the last reset